01258nam a2200289 a 450000100100000000500170001000800410002702000150006804000250008308200150010810000270012324000880015024501400023826000320037830000340041049000070044450000730045159000750052465000350059965000350063470000360066983000140070591000370071904900090075695201860076599900170095100003478620240605180416.0111019s1977 pr 000 0 spa d a8474270065 aDO-SdBNPbspacBNPHU a572bM528o1 aMelotti, Umberto9421510aIl processo di sviluppo storico. L'origine dell'uomo e delle razze umanelespañol13aEl origén del hombre y de la raza humana :bel proceso de desarrollo histórico /cUmberto Melotti ; traducción Manuel Olasagasti. aMadrid, :bVillalar,c1977. a158 p. :bil., map. ;c19 cm.1 aEV aIncluye referencias bibliográficas y notas al pie de las páginas aPerteneció a la biblioteca personal de Juan Isidro Jimenes Grullón 4aOrígen del ser humano912727 0aAntropología física96027912aOlasagasti, Manuel,etr.913318 0aEV960280 aValidado. Control de calidad MFF aBNGR 001050718MOaGRbGRcHDd2011-10-19iLF1l0o572 M528op34786-10r2020-06-25w2020-06-25y1zPerteneció a la biblioteca personal de Juan Isidro Jimenes Grullón.ZNo se presta c34277d34277